| 000 | 00389cam a2200157ua 4500 | ||
|---|---|---|---|
| 003 | OSt | ||
| 008 | 241224b |||||||| |||| 00| 0 eng d | ||
| 041 | _aeng | ||
| 082 |
_a621.319 _bIBB/EL |
||
| 100 |
_aIbbetson, . _96584 |
||
| 245 | _aIbbetson`s electric wiring: Theory and practice / | ||
| 250 | _a9 / | ||
| 260 |
_a : _bE & F N Spon Ltd , _c1961. |
||
| 300 | _a296 ; . | ||
| 942 | _cBK | ||
| 999 |
_c1993 _d1993 |
||